[Event "GER-chT U18 Girls"]
[Site "Karlsruhe"]
[Date "2015.05.09"]
[Round "5.4"]
[White "Pitschmann, Lea"]
[Black "Linder, Tabea"]
[Result "0-1"]
[WhiteElo "800"]
[BlackElo "800"]
[PlyCount "154"]
[EventDate "2015.05.07"]
[EventType "team-swiss"]
[EventRounds "7"]
[EventCountry "GER"]
[SourceTitle "EXT 2017"]
[Source "ChessBase"]
[SourceDate "2016.10.25"]
[SourceVersion "1"]
[SourceVersionDate "2016.10.25"]
[SourceQuality "1"]
[WhiteTeam "Voelklingen Warndt (W)"]
[BlackTeam "Karlsruhe GG (W)"]
[WhiteTeamCountry "GER"]
[BlackTeamCountry "GER"]

1. e4 e5 2. Nf3 Nc6 3. Nc3 Bc5 4. Bc4 Nf6 5. d3 0-0 6. Be3 d6 7. 0-0 Bd7 8. Bxc5 dxc5 9. Qd2 Nd4 10. a4 Nxf3+ 11. gxf3 Qe7 12. f4 Qd6 13. f5 Qd4 14. Rfe1 Rad8 15. Ne2 Qd6 16. b3 Rfe8 17. Qe3 Bc6 18. Bb5 Qd4 19. Nxd4 cxd4 20. Qg3 Nh5 21. Qg5 Nf4 22. Kh1 h6 23. Qg4 a6 24. Rg1 g5 25. Bxc6 bxc6 26. h4 f6 27. hxg5 fxg5 28. c3 Re7 29. c4 Rg7 30. Qg3 Rb8 31. f3 Rxb3 32. Ra2 Rxd3 33. Rh2 Kh7 34. Rb1 Rc3 35. Rb8 Rc1+ 36. Qg1 Rxg1+ 37. Kxg1 Rd7 38. Rf8 d3 39. Kf1 d2 40. Rxd2 Rxd2 41. f6 Ne6 42. Re8 Rd6 43. f4 gxf4 44. Kg2 Kg6 45. c5 Kf7 46. cxd6 Kxe8 47. Kf3 c5 48. Kg4 c4 49. Kf5 Nd4+ 50. Kg6 c3 51. f7+ Kf8 52. d7 Nc6 53. Kf6 c2 54. Ke6 c1Q 55. d8Q+ Nxd8+ 56. Kf6 Qc6+ 57. Kxe5 Nxf7+ 58. Kxf4 Qe6 59. Ke3 Ng5 60. a5 Nxe4 61. Kd3 Nc5+ 62. Kd4 Nb7 63. Kd3 Qe5 64. Kc4 Nxa5+ 65. Kb4 Qd5 66. Kc3 Qe4 67. Kd2 Qf3 68. Ke1 Qg2 69. Kd1 Ke7 70. Ke1 Ke6 71. Kd1 Ke5 72. Ke1 Ke4 73. Kd1 Ke3 74. Kc1 Qd2+ 75. Kb1 Kd3 76. Ka1 Kc3 77. Kb1 Qb2# 0-1